000 00638nam a2200217 i 4500
001 bg
100 1 _aZIELIŃSKI, Zygmunt 1929-
245 1 0 _aAnaliza ekonomicznych procesów stochastycznych :
_bpisma wybrane /
_cZygmunt Zieliński.
260 _aToruń :
_bUniwersytet Mikołaja Kopernika. Wydaw.,
_c2002.
300 _a326 s. ;
_c24 cm.
500 _aStreszcz. ang., ros., niem.
504 _aBibliogr. przy pracach.
650 9 _aEkonometria
020 _a8323114684
040 _cBPK
041 0 _apol
_bengrusger
080 _a330.43
920 _a83-231-1468-4
942 _cKS
008 s pl f |000 0 pol
999 _c51879
_d51879
856 _uhttp://koha.tu.koszalin.pl/cgi-bin/koha/opac-detail.pl?biblionumber=51879
_yKatalog online BPK